000 00713nam a22001697a 4500
999 _c61042
_d61042
005 20231211170423.0
008 231211s1949 ru ||||| |||| 00| 0 rus d
041 _arus
080 _a902.6(042.4) П-32
100 _aПиотровский, Б. Б.
_920663
245 _aАрхеология Закавказья :
_bс древнейших времен до I тысячелетия до н. э. Курс лекции /
_cБ. Б. Пиотровский.
264 _aЛенинград :
_bЛГУ.
_c1949.
300 _a134 с.:
_bтабл.;
_c22 см.
653 _aამიერკავკასიის არქეოლოგია
653 _aისტორია
942 _2udc
_cᲬᲘᲒᲜᲘ